000 00271 a2200097 4500
001 48026
100 _aFazal-ur-Rahman
245 _aQuranic foundations and structure of Muslim society
260 _aKarachi
_bWorld federation of Islamic mission
_c
090 _c31014
_d31014
942 _aNUST-CAE
_cM
_c23353
999 _c283099
_d283099